<?xml version="1.0" encoding="UTF-8"?>
<record
    xmlns:xsi="http://www.w3.org/2001/XMLSchema-instance"
    xsi:schemaLocation="http://www.loc.gov/MARC21/slim http://www.loc.gov/standards/marcxml/schema/MARC21slim.xsd"
    xmlns="http://www.loc.gov/MARC21/slim">

  <leader>00906nam0a22002291  4500</leader>
  <controlfield tag="001">rc\185251</controlfield>
  <controlfield tag="005">20250620223438.0</controlfield>
  <datafield tag="035" ind1=" " ind2=" ">
    <subfield code="a">(NLR Aleph) 005443544</subfield>
  </datafield>
  <datafield tag="090" ind1=" " ind2=" ">
    <subfield code="a">4782852</subfield>
    <subfield code="c">4782852</subfield>
  </datafield>
  <datafield tag="100" ind1=" " ind2=" ">
    <subfield code="a">20030307d1997    |||y0rusy50      ca</subfield>
  </datafield>
  <datafield tag="101" ind1="0" ind2=" ">
    <subfield code="a">rus</subfield>
  </datafield>
  <datafield tag="102" ind1=" " ind2=" ">
    <subfield code="a">RU</subfield>
  </datafield>
  <datafield tag="105" ind1=" " ind2=" ">
    <subfield code="a">a   |||||||||</subfield>
  </datafield>
  <datafield tag="200" ind1="1" ind2=" ">
    <subfield code="a">&#x41D;&#x430;&#x441;&#x435;&#x43B;&#x435;&#x43D;&#x43D;&#x44B;&#x435; &#x43F;&#x443;&#x43D;&#x43A;&#x442;&#x44B; &#x420;&#x435;&#x441;&#x43F;&#x443;&#x431;&#x43B;&#x438;&#x43A;&#x438; &#x422;&#x430;&#x442;&#x430;&#x440;&#x441;&#x442;&#x430;&#x43D;</subfield>
    <subfield code="e">&#x41A;&#x440;&#x430;&#x442;. &#x441;&#x43F;&#x440;&#x430;&#x432;.</subfield>
    <subfield code="f">&#x410;&#x41D; &#x420;&#x435;&#x441;&#x43F;. &#x422;&#x430;&#x442;&#x430;&#x440;&#x441;&#x442;&#x430;&#x43D;. &#x418;&#x43D;-&#x442; &#x442;&#x430;&#x442;. &#x44D;&#x43D;&#x446;&#x438;&#x43A;&#x43B;.</subfield>
    <subfield code="g">[&#x425;.&#x410;. &#x410;&#x431;&#x434;&#x443;&#x43B;&#x43A;&#x430;&#x44E;&#x43C;&#x43E;&#x432; &#x438; &#x434;&#x440;.</subfield>
    <subfield code="g">&#x413;&#x43B;. &#x440;&#x435;&#x434;. &#x430;&#x43A;&#x430;&#x434;. &#x410;&#x41D; &#x420;&#x422; &#x41C;.&#x425;. &#x425;&#x430;&#x441;&#x430;&#x43D;&#x43E;&#x432;]</subfield>
  </datafield>
  <datafield tag="210" ind1=" " ind2=" ">
    <subfield code="a">&#x41A;&#x430;&#x437;&#x430;&#x43D;&#x44C;</subfield>
    <subfield code="c">&#x418;&#x43D;-&#x442; &#x442;&#x430;&#x442;. &#x44D;&#x43D;&#x446;&#x438;&#x43A;&#x43B;.</subfield>
    <subfield code="d">1997</subfield>
  </datafield>
  <datafield tag="215" ind1=" " ind2=" ">
    <subfield code="a">391 &#x441;.</subfield>
    <subfield code="c">&#x438;&#x43B;., &#x43A;&#x430;&#x440;&#x442;.</subfield>
    <subfield code="d">20</subfield>
  </datafield>
  <datafield tag="320" ind1=" " ind2=" ">
    <subfield code="a">&#x410;&#x43B;&#x444;. &#x443;&#x43A;&#x430;&#x437;. &#x43D;&#x430;&#x441;&#x435;&#x43B;&#x435;&#x43D;. &#x43F;&#x443;&#x43D;&#x43A;&#x442;&#x43E;&#x432; &#x420;&#x435;&#x441;&#x43F;. &#x422;&#x430;&#x442;&#x430;&#x440;&#x441;&#x442;&#x430;&#x43D;: &#x441;. 283-387</subfield>
  </datafield>
  <datafield tag="801" ind1=" " ind2="0">
    <subfield code="a">RU</subfield>
    <subfield code="b">NLR</subfield>
    <subfield code="g">psbo</subfield>
  </datafield>
  <datafield tag="801" ind1=" " ind2="1">
    <subfield code="a">RU</subfield>
    <subfield code="b">ELAR</subfield>
    <subfield code="2">rusmarc</subfield>
  </datafield>
  <datafield tag="852" ind1=" " ind2=" ">
    <subfield code="a">NLR</subfield>
    <subfield code="j">97-3/12115</subfield>
  </datafield>
  <datafield tag="942" ind1=" " ind2=" ">
    <subfield code="c">BOOK</subfield>
  </datafield>
  <datafield tag="980" ind1=" " ind2=" ">
    <subfield code="a">NB</subfield>
  </datafield>
  <datafield tag="995" ind1=" " ind2=" ">
    <subfield code="5">2013-10-26</subfield>
    <subfield code="b">NLR01</subfield>
    <subfield code="c">NLR01</subfield>
    <subfield code="e">RF8</subfield>
    <subfield code="f">1-4227323</subfield>
    <subfield code="k">97-3/12115</subfield>
    <subfield code="o">0</subfield>
    <subfield code="r">BOOK</subfield>
    <subfield code="s">97312115_</subfield>
  </datafield>
</record>
